Chronixx Discography - Statistics

General Stats
  • This quiz has been taken 4 times
    2 since last reset
  • The average score is 3 of 6
Answer Stats
Type Year Name % Correct
Album 2017 Chronology
100%
EP 2014 Dread & Terrible
50%
Collaborative Mixtape 2016 Roots & Chalice
50%
Collaborative Mixtape 2012 Start a Fire
50%
Album 2020 Dela Splash
0%
EP 2011 Hooked On Chronixx
0%
No matching quizzes found
Score Distribution
Percent of People with Each Score
Percentile by Number Answered
Your Score History
You have not taken this quiz since the last reset